[Event "Bucaramanga Santander Cup"]
[Site "Bucaramanga"]
[Date "2022.07.23"]
[Round "6"]
[White "Sequeda Hernandez, Daniel Arturo"]
[Black "Rodriguez Munoz, Luis Hernando"]
[Result "1-0"]
[WhiteElo "1226"]
[BlackElo "1478"]
[PlyCount "81"]
[EventDate "2022.07.20"]
[EventType "swiss"]
[EventRounds "8"]
[EventCountry "COL"]
[SourceTitle "EXT 2023"]
[Source "ChessBase"]
[SourceDate "2022.10.05"]
[SourceVersion "1"]
[SourceVersionDate "2022.10.05"]
[SourceQuality "1"]

1. d4 Nf6 2. e3 g6 3. Bd3 d6 4. Nd2 Bg7 5. f4 e6 6. Ngf3 c5 7. c3 Qc7 8. 0-0 c4 9. Bc2 0-0 10. Qe2 Nc6 11. Qxc4 d5 12. Qe2 a5 13. Ne5 b5 14. Qxb5 Nxe5 15. fxe5 Ng4 16. Qe2 Ba6 17. Qxg4 Bxf1 18. Nxf1 Qe7 19. Ng3 f5 20. Qf3 Rf7 21. Bd2 Raf8 22. Rf1 Qb7 23. Bc1 Bh6 24. Ne2 g5 25. Qh3 Kg7 26. Rf3 Qb5 27. Rf2 Qc4 28. b3 Qb5 29. a4 g4 30. Qg3 Qa6 31. h3 Kh8 32. hxg4 Rg8 33. Qh4 Rg6 34. gxf5 Bg5 35. fxg6 Rg7 36. Qxg5 Rxg6 37. Rf8+ Kg7 38. Qe7+ Kh6 39. e4+ Kh5 40. Bd1 Qd3 41. Ng3# 1-0

[Event "Bucaramanga Santander Cup"]
[Site "Bucaramanga"]
[Date "2022.07.22"]
[Round "4"]
[White "Baron Cabrera, Julian Enrique"]
[Black "Rodriguez Munoz, Luis Hernando"]
[Result "1-0"]
[WhiteElo "1233"]
[BlackElo "1478"]
[PlyCount "22"]
[EventDate "2022.07.20"]
[EventType "swiss"]
[EventRounds "8"]
[EventCountry "COL"]
[SourceTitle "EXT 2023"]
[Source "ChessBase"]
[SourceDate "2022.10.05"]
[SourceVersion "1"]
[SourceVersionDate "2022.10.05"]
[SourceQuality "1"]

1. d4 Nf6 2. Nf3 d6 3. c3 c5 4. e3 a6 5. Bd3 b5 6. Nbd2 Bg4 7. 0-0 d5 8. h3 Bh5 9. Qe2 c4 10. Bc2 e6 11. b4 Nbd7 1-0

[Event "Bucaramanga Bonita op"]
[Site "Bucaramanga"]
[Date "2021.09.05"]
[Round "5"]
[White "Gonzalez Bolivar, Juan Jose"]
[Black "Rodriguez Munoz, Luis Hernando"]
[Result "1-0"]
[WhiteElo "1450"]
[BlackElo "1540"]
[PlyCount "75"]
[EventDate "2021.09.04"]
[EventType "swiss"]
[EventRounds "6"]
[EventCountry "COL"]
[SourceTitle "EXT 2022"]
[Source "ChessBase"]
[SourceDate "2021.10.06"]
[SourceVersion "1"]
[SourceVersionDate "2021.10.06"]
[SourceQuality "1"]

1. d4 Nf6 2. c4 g6 3. Nc3 Bg7 4. e4 e6 5. f3 d6 6. Be3 0-0 7. Qd2 Qd7 8. Bh6 c5 9. Nge2 Nc6 10. d5 exd5 11. cxd5 Ne7 12. h4 b5 13. h5 Nxh5 14. Bxg7 Kxg7 15. g4 Nf6 16. Qh6+ Kg8 17. Nf4 g5 18. Qxg5+ Ng6 19. Qxf6 Qe7 20. Qxe7 Nxe7 21. Bxb5 Rb8 22. 0-0-0 Ng6 23. Nxg6 fxg6 24. Rdf1 a6 25. Bc4 Rb4 26. b3 Kg7 27. a3 Rb6 28. Kc2 Bd7 29. a4 a5 30. Nb5 Bxb5 31. Bxb5 Rf4 32. Kd3 g5 33. Ke3 h6 34. Rf2 Rb8 35. Kd3 Rbf8 36. Rh3 Rxg4 37. fxg4 Rxf2 38. Rg3 1-0

[Event "Bucaramanga Seman Santa op"]
[Site "Bucaramanga"]
[Date "2016.03.21"]
[Round "7.3"]
[White "Rodriguez Munoz, Luis Hernando"]
[Black "Campos Mejia, Manuel Rolando"]
[Result "0-1"]
[WhiteElo "1615"]
[BlackElo "1622"]
[PlyCount "30"]
[EventDate "2016.03.19"]
[EventType "swiss"]
[EventRounds "7"]
[EventCountry "COL"]
[SourceTitle "EXT 2024"]
[Source "ChessBase"]
[SourceDate "2023.10.10"]
[SourceVersion "1"]
[SourceVersionDate "2023.10.10"]
[SourceQuality "1"]

1. e3 e5 2. c4 c6 3. Nc3 Bc5 4. d4 exd4 5. exd4 Bb6 6. Be3 Ne7 7. Nf3 0-0 8. b4 d6 9. Bd3 Bg4 10. Bxh7+ Kh8 11. Bd3 Nd7 12. h3 Bh5 13. g4 Bg6 14. Qc2 Bc7 15. Bg5 Qe8 0-1